000 00608nam a2200169 i 4500
001 165563
003 ES-MaACL
005 20230906213149.0
008 990917s1894 sp |||| | spa d
040 _aCCPB | B
_bspa
_cCCPB | B
100 1 _aSoravilla, Javier.
_9132823
245 1 1 _a¡Cómpluto! (Alcalá de Henares)
_b: apuntes para un libro, pensado y no escrito /
_cJavier Soravilla.
260 _aMadrid :
_b[s.n.],
_c1894 (
_fTipografía de los Hijos de M. G. Hernández)
300 _a96 p. ;
_c22 cm.
651 4 _aAlcalá de Henares-
_xHistoria.
_97647
852 _aES-MaACL
_jG-441
_z-- Enc. tela
999 _c165563
_d165563